000 00350nam a2200169Ia 4500
100 _aDatt/Gaurav/ Mahajan/Ashwani
650 _aEconomy
250 _a66
942 _cBK
366 _f20
245 _aIndian Economy
260 _bS.Chand and Co
_c2005
082 _a338.9
_bDAT
300 _a669
546 _aENGLISH
_cComputers
999 _c31973
_d31973